Statistics for European Cities with the worst Traffic

Click here to take the quiz!

General Stats

  • This quiz has been taken 379 times
  • The average score is 15 of 20

Answer Stats

CountryCongestionAnswer% Correct
United Kingdom40%London
97%
Poland37%Warsaw
97%
Turkey49%Istanbul
96%
Russia44%Moscow
96%
Italy40%Rome
96%
Ireland43%Dublin
93%
France38%Paris
93%
Romania50%Bucharest
91%
Greece37%Athens
90%
Belgium38%Brussels
90%
United Kingdom38%Manchester
90%
Russia41%Saint Petersburg
89%
Poland38%Kraków
83%
France40%Marseille
76%
United Kingdom40%Edinburgh
69%
Italy43%Palermo
63%
Poland51%Lodz
49%
United Kingdom43%Belfast
46%
Poland40%Lublin
21%
Italy39%Messina
12%

Score Distribution

Percentile by Number Answered

Percent of People with Each Score

Your Score History

You have not taken this quiz